| 000 | 00821nas a2200241 i 4500 | ||
|---|---|---|---|
| 001 | 1552 | ||
| 003 | ES-MaACL | ||
| 005 | 20250802062530.0 | ||
| 007 | t| | ||
| 008 | 950801d18791940fr | | 1 ||re d | ||
| 022 | _a0184-7465 | ||
| 245 | 0 | 3 | _aLa Nouvelle revue. |
| 260 |
_aParis : _bLa Nouvelle revue, _c1879-1940. |
||
| 300 |
_a228 v. ; _c25 cm. |
||
| 310 | _aQuincenal | ||
| 362 | 0 | _aT.1 (1879, oct.) - t.120 (1899) ; n.s., t.1 (1899, oct.) - t.49 (1907) ; 3e s., t.1 (1908) - t.26 (1912, avr.) ; 4e s., t.1 (1912, mai) - t.167 (1940, mai) | |
| 500 | _aLos índices van colocados junto con la revista. | ||
| 650 | 7 |
_aLiteratura _2embne _9141583 |
|
| 700 | 1 |
_aAustruy, Henri, _edir. _9194232 |
|
| 852 |
_aES-MaACL _jHem-813 |
||
| 866 | 0 | _o1879-94,1897-1913(1914f.n.56)(1915f.n.74)1916-19. | |
| 999 |
_c1552 _d1552 |
||